000 00185nam a2200085Ia 4500
008 120527s9999 xx 000 0 und d
100 _aLudmener
245 _aLearning to heal
942 _cBK
999 _c27755
_d27755